[Event "RUS-chT2"]
[Site "Sochi"]
[Date "2025.04.26"]
[Round "1.4"]
[White "Ospennikov, Dmitry V"]
[Black "Garaev, Tamerlan"]
[Result "1-0"]
[WhiteElo "2191"]
[BlackElo "1735"]
[PlyCount "157"]
[EventDate "2025.04.26"]
[EventType "team-swiss"]
[EventRounds "9"]
[EventCountry "RUS"]
[SourceTitle "CB19_2025"]
[SourceDate "2025.05.07"]
[SourceVersion "1"]
[SourceVersionDate "2025.05.07"]
[SourceQuality "1"]
[WhiteTeam "Tatarstan"]
[BlackTeam "Tatarstan RSShOR"]
[WhiteTeamCountry "RUS"]
[BlackTeamCountry "RUS"]

1. e4 e6 2. d4 d5 3. Nd2 c5 4. exd5 exd5 5. Ngf3 Nf6 6. Bb5+ Bd7 7. Qe2+ Qe7 8. Bxd7+ Nbxd7 9. Qxe7+ Bxe7 10. dxc5 Nxc5 11. Nb3 Nxb3 12. axb3 0-0 13. Bg5 Bb4+ 14. c3 Rfe8+ 15. Kf1 Be7 16. Rd1 Rad8 17. Nd4 Ne4 18. Bxe7 Rxe7 19. f3 Nc5 20. Kf2 g6 21. b4 Na4 22. Rd2 Nb6 23. b3 Rc8 24. Ne2 f6 25. Ra1 a6 26. Ra5 Rd7 27. Rc5 Rdc7 28. Ra5 Rd7 29. Rc5 Rdc7 30. Rxc7 Rxc7 31. Ke3 Kf7 32. Kd4 Nc8 33. Nf4 Ne7 34. Re2 Rc6 35. g4 g5 36. Nd3 Ng6 37. Rf2 Ne5 38. h3 Nxd3 39. Kxd3 Ke7 40. f4 gxf4 41. Rxf4 Re6 42. Kd4 Re5 43. Rf3 Ke6 44. Kc5 d4+ 45. Kxd4 Rd5+ 46. Ke4 Rd1 47. c4 b6 48. Rd3 Rg1 49. c5 bxc5 50. bxc5 Rc1 51. b4 a5 52. bxa5 Rxc5 53. Ra3 Rc4+ 54. Kd3 Rc7 55. a6 Ra7 56. Ke4 Ke7 57. Kd5 Kd7 58. Ra4 h6 59. Ra3 h5 60. gxh5 Kc8 61. Ke6 Kb8 62. Kxf6 Rh7 63. Kg6 Rh8 64. h6 Rg8+ 65. Kf7 Rh8 66. Kg7 Re8 67. h7 Ka7 68. h8Q Rd8 69. Qf8 Rxf8 70. Kxf8 Ka8 71. a7 Kb7 72. a8Q+ Kb6 73. Qa7+ Kb5 74. Qc7 Kb4 75. Qc3+ Kb5 76. Ra5+ Kb6 77. Qc5+ Kb7 78. Ra7+ Kb8 79. Qc7# 1-0

[Event "Wch U10"]
[Site "Batumi"]
[Date "2022.09.17"]
[Round "2"]
[White "Garaev, Tamerlan"]
[Black "Yang, Maxwell"]
[Result "0-1"]
[WhiteElo "1312"]
[BlackElo "1641"]
[PlyCount "60"]
[EventDate "2022.09.16"]
[EventType "swiss"]
[EventRounds "11"]
[EventCountry "GEO"]
[SourceTitle "EXT 2023"]
[Source "ChessBase"]
[SourceDate "2022.10.05"]
[SourceVersion "1"]
[SourceVersionDate "2022.10.05"]
[SourceQuality "1"]

1. c4 Nf6 2. d4 g6 3. Nc3 d5 4. cxd5 Nxd5 5. e4 Nxc3 6. bxc3 Bg7 7. Nf3 c5 8. Rb1 0-0 9. Be2 cxd4 10. cxd4 Qa5+ 11. Qd2 Qxd2+ 12. Bxd2 Rd8 13. Be3 b6 14. 0-0 Bb7 15. Bd3 Nd7 16. Rfc1 Rac8 17. Rxc8 Rxc8 18. Rc1 Rxc1+ 19. Bxc1 Nf6 20. Nd2 Bh6 21. f3 Be3+ 22. Kf1 Bxd4 23. Nb3 Bc3 24. Ke2 Kf8 25. Bb5 a6 26. Bd3 Nd7 27. Be3 e5 28. Kd1 Ke7 29. Kc2 Bb4 30. Kb2 b5 0-1